[Event "Cheliabinsk-ch"]
[Site "Cheliabinsk"]
[Date "2011.01.22"]
[Round "6"]
[White "Dymshakov, Artem"]
[Black "Panov, Maksim"]
[Result "1-0"]
[WhiteElo "2058"]
[BlackElo "1925"]
[PlyCount "95"]
[EventDate "2011.01.13"]
[EventType "swiss"]
[EventRounds "9"]
[EventCountry "RUS"]
[SourceTitle "EXT 2012"]
[Source "ChessBase"]
[SourceDate "2011.11.24"]
[SourceVersion "1"]
[SourceVersionDate "2011.11.24"]
[SourceQuality "1"]

1. a3 e5 2. e3 d5 3. d4 e4 4. c4 c6 5. Nc3 Nf6 6. Qb3 Be7 7. cxd5 cxd5 8. Nh3 Bxh3 9. Qxb7 Nbd7 10. gxh3 0-0 11. Nxd5 Qa5+ 12. Nc3 Rab8 13. Qa6 Qf5 14. Bg2 Rfe8 15. Qe2 Nf8 16. Qc2 Bd8 17. f3 Ng6 18. fxe4 Qe6 19. 0-0 Nh4 20. e5 Nxg2 21. Qxg2 Nd7 22. Qg4 Qc6 23. Qf3 Qg6+ 24. Kh1 Rf8 25. e4 Bb6 26. Nd5 Rbe8 27. Nxb6 Qxb6 28. Qe3 Re6 29. b4 Qb5 30. Bb2 Nb6 31. d5 Rg6 32. Bd4 Nxd5 33. exd5 Qxd5+ 34. Rf3 Rd8 35. Bc3 Rc8 36. Raf1 Rgc6 37. Qd4 Qb5 38. e6 f6 39. Re1 Rc4 40. Qd7 Qh5 41. Rg3 R4c7 42. Rxg7+ Kh8 43. Rxh7+ Qxh7 44. Bxf6+ Kg8 45. Rg1+ Kf8 46. e7+ Kf7 47. e8Q+ Kxf6 48. Qee6# 1-0

[Event "Cheliabinsk Victory Cup"]
[Site "Cheliabinsk"]
[Date "2010.05.03"]
[Round "4"]
[White "Dymshakov, Artem"]
[Black "Babiy, Alexey"]
[Result "0-1"]
[WhiteElo "2038"]
[BlackElo "1853"]
[PlyCount "97"]
[EventDate "2010.04.30"]
[EventType "swiss"]
[EventRounds "9"]
[EventCountry "RUS"]
[SourceTitle "EXT 2011"]
[Source "ChessBase"]
[SourceDate "2010.11.26"]
[SourceVersion "1"]
[SourceVersionDate "2010.11.26"]
[SourceQuality "1"]

1. e4 c5 2. Nf3 Nc6 3. d4 cxd4 4. c3 dxc3 5. Nxc3 e6 6. Bc4 d6 7. 0-0 Be7 8. Qe2 a6 9. a4 Nf6 10. Rd1 Qc7 11. Bg5 h6 12. Bh4 0-0 13. Rac1 Bd7 14. Ba2 Rac8 15. Bb1 Qb8 16. e5 Ne8 17. Qd3 g6 18. Bxe7 Nxe7 19. exd6 Nf5 20. Ne5 Rd8 21. Qh3 Kh7 22. Bxf5 exf5 23. Qd3 Be6 24. Nc4 Bxc4 25. Qxc4 Rxd6 26. Nd5 Nf6 27. Nxf6+ Rxf6 28. Qc7 Qxc7 29. Rxc7 Rb6 30. Rd2 Rb4 31. g3 b6 32. Rc6 Rb8 33. Rd7 Kg7 34. Rcc7 Rf8 35. a5 Rxb2 36. Rb7 b5 37. Ra7 b4 38. Rxa6 b3 39. Rb6 Ra2 40. Rxb3 Rxa5 41. Rbb7 Ra4 42. Kg2 f4 43. gxf4 Rxf4 44. Kg3 Rf5 45. f3 Ra8 46. Rb3 Ra2 47. h4 Rc5 48. Re3 Rc1 49. Rb7 0-1

[Event "Cheliabinsk Region-ch"]
[Site "Cheliabinsk"]
[Date "2010.03.30"]
[Round "4"]
[White "Dymshakov, Artem"]
[Black "Simonova, Tatiana"]
[Result "1-0"]
[WhiteElo "2038"]
[BlackElo "1943"]
[PlyCount "41"]
[EventDate "2010.03.27"]
[EventType "swiss"]
[EventRounds "9"]
[EventCountry "RUS"]
[SourceTitle "EXT 2012"]
[Source "ChessBase"]
[SourceDate "2011.11.24"]
[SourceVersion "1"]
[SourceVersionDate "2011.11.24"]
[SourceQuality "1"]

1. e4 e6 2. d4 d5 3. Nd2 Nf6 4. e5 Nfd7 5. Bd3 c5 6. c3 Nc6 7. Ne2 Qb6 8. Nf3 cxd4 9. cxd4 Be7 10. 0-0 a6 11. Bb1 0-0 12. Qd3 f5 13. exf6 Nxf6 14. Ne5 Nb4 15. Qh3 Qc7 16. Bg5 Ne4 17. Be3 Nc6 18. f3 Bg5 19. fxe4 Bxe3+ 20. Qxe3 Nxe5 21. Rxf8+ 1-0